Ensayos de prueba para el control de resistencia de adoquines
Gardado en:
| Autor Principal: | |
|---|---|
| Formato: | Tesis Libro |
| Idioma: | Undetermined |
| Publicado: |
1983
|
| Materias: | |
| Etiquetas: |
Engadir etiqueta
Sen Etiquetas, Sexa o primeiro en etiquetar este rexistro!
|
MARC
| LEADER | 00000nam a2200000Ia 4500 | ||
|---|---|---|---|
| 001 | 2195 | ||
| 008 | 140114s9999 xx 000 0 und d | ||
| 100 | |a Corrales Garcia, Jose Fabio | ||
| 245 | |a Ensayos de prueba para el control de resistencia de adoquines | ||
| 260 | |c 1983 | ||
| 500 | |a NULL | ||
| 502 | |a Escuela de ingenieria Civil | ||
| 650 | |z RESISTENCIA DE MATERIALES | ||
| 999 | |c 11540 |d 11540 | ||
